000 00505nam a22001337a 4500
003 SGT
082 _a617.632
_bA16B
100 _aBHARADWAJ, PEARL
245 _aASSESSING THE ANTIMICROBIAL EFFICACY (AGAINST PORPHYROMONAS GINGIVALIS) OF GREEN TEA BREWED AT VARIOUS CONCENTRATION-TIME COMBINATIONS AND ITS COMPARISON WITH VARIOUS COMMERCIALLY AVAILABLE MOUTHWASHES-An INVITRO STUDY
260 _aDELHI NCR
_bSGT UNIVERSITY GURUGRAM
_c2016
300 _a1-85
650 _aPERIODONTOLOGY
942 _2ddc
_cTH
999 _c15880
_d15880